<?xml version="1.0" encoding="UTF-8"?>
<record
    xmlns:xsi="http://www.w3.org/2001/XMLSchema-instance"
    xsi:schemaLocation="http://www.loc.gov/MARC21/slim http://www.loc.gov/standards/marcxml/schema/MARC21slim.xsd"
    xmlns="http://www.loc.gov/MARC21/slim">

  <leader>04521nam a22005057a 4500</leader>
  <controlfield tag="003">DO-SdBNP</controlfield>
  <controlfield tag="005">20230222111520.0</controlfield>
  <controlfield tag="007">ta</controlfield>
  <controlfield tag="008">211104b202-    dr a|||e |||| 001 0 spa d</controlfield>
  <datafield tag="020" ind1=" " ind2=" ">
    <subfield code="a">9788476662120</subfield>
  </datafield>
  <datafield tag="040" ind1=" " ind2=" ">
    <subfield code="a">DO-SdBNP</subfield>
    <subfield code="b">spa</subfield>
    <subfield code="c">BNPHU</subfield>
  </datafield>
  <datafield tag="082" ind1=" " ind2="4">
    <subfield code="2">22</subfield>
    <subfield code="a">378.17</subfield>
    <subfield code="b">O68a</subfield>
  </datafield>
  <datafield tag="110" ind1="2" ind2=" ">
    <subfield code="a">Organizaci&#xF3;n de Estados Iberoamericanos para la Educaci&#xF3;n, la Ciencia y la Cultura</subfield>
    <subfield code="9">29137</subfield>
  </datafield>
  <datafield tag="245" ind1="1" ind2="0">
    <subfield code="a">Aprendiendo a educar mejor a ni&#xF1;as y ni&#xF1;os peque&#xF1;os : </subfield>
    <subfield code="b">curso de habilitaci&#xF3;n para agentes educativos de educaci&#xF3;n media; Modalidad semipresencial /</subfield>
    <subfield code="c">OEI Rep&#xFA;blica Dominicana</subfield>
  </datafield>
  <datafield tag="250" ind1=" " ind2=" ">
    <subfield code="a">2a. </subfield>
  </datafield>
  <datafield tag="260" ind1=" " ind2=" ">
    <subfield code="a">Santo Domingo :</subfield>
    <subfield code="b">INAFOCAM,</subfield>
    <subfield code="c">[202?].</subfield>
  </datafield>
  <datafield tag="300" ind1=" " ind2=" ">
    <subfield code="a">v. :</subfield>
    <subfield code="b">ilustraciones ;</subfield>
    <subfield code="c">28 cm.</subfield>
  </datafield>
  <datafield tag="500" ind1=" " ind2=" ">
    <subfield code="a">Estos m&#xF3;dulos forman parte del conjunto de m&#xF3;dulos formativos, elaborado por la OEI para el curso " Aprendiendo a educar mejor a ni&#xF1;as y ni&#xF1;os peque&#xF1;os".</subfield>
  </datafield>
  <datafield tag="500" ind1=" " ind2=" ">
    <subfield code="a">Realizado por : INAFOCAN  e INAIPI.</subfield>
  </datafield>
  <datafield tag="500" ind1=" " ind2=" ">
    <subfield code="a">Incluye : v1, v.2, v.3, v.5, v.6, v.7, v.8,v.9, v.10.</subfield>
  </datafield>
  <datafield tag="500" ind1=" " ind2=" ">
    <subfield code="a">Ausente el m&#xF3;dulo 4.</subfield>
  </datafield>
  <datafield tag="500" ind1=" " ind2=" ">
    <subfield code="a">Incluye &#xED;ndice.</subfield>
  </datafield>
  <datafield tag="504" ind1=" " ind2=" ">
    <subfield code="a">Bibliograf&#xED;as : v.1, p.38,  v.2, p.37,  v.3, p.39,  v.5,p.35, v.6, p.39,  v.7, p.43,  v.8, p.60,  v.9, p.56, v.10, p.53.</subfield>
  </datafield>
  <datafield tag="505" ind1=" " ind2=" ">
    <subfield code="a">v.1--</subfield>
    <subfield code="g">La ni&#xF1;a y el ni&#xF1;o nacen con los derechos bajo el brazo--</subfield>
    <subfield code="r">Vidal Didonet - Brasil</subfield>
    <subfield code="t">Cap&#xED;tulo 1. Las ni&#xF1;as y los ni&#xF1;os tienen derechos --</subfield>
    <subfield code="t">Cap&#xED;tulo 2. Rol de los agentes educativos como  promotores de los derechos de las ni&#xF1;as y los ni&#xF1;os --</subfield>
  </datafield>
  <datafield tag="505" ind1=" " ind2=" ">
    <subfield code="a">v. 2. Ni&#xF1;as y ni&#xF1;os sanos plenos y felices.</subfield>
    <subfield code="g">39 p.</subfield>
    <subfield code="r">Ana Mar&#xED;a Silverio G&#xF3;mez - Cuba</subfield>
    <subfield code="t"> Cap&#xED;tulo 1. Desarrollo humano: lo com&#xFA;n y lo diferente en los primeros a&#xF1;os de vida --</subfield>
    <subfield code="t">Cap&#xED;tulo 2. Estilo de vida saludable para ni&#xF1;os desde antes de nacer --</subfield>
    <subfield code="t">Cap&#xED;tulo 3.Desde el nacimiento hasta los sei a&#xF1;os ...hacia el desarrollo pleno de ni&#xF1;as y ni&#xF1;os --</subfield>
  </datafield>
  <datafield tag="505" ind1=" " ind2=" ">
    <subfield code="a">v. 3. Ni&#xF1;as y ni&#xF1;os plenos y felices educados por sus familias y comunidades .</subfield>
    <subfield code="g">39 p.</subfield>
    <subfield code="r">Marlene Grajeda de Paz,   - Guatemala</subfield>
    <subfield code="t">Cap&#xED;tulo 1. Las ni&#xF1;as y los ni&#xF1;os en sus familias y comunidades --</subfield>
    <subfield code="t">Cap&#xED;tulo 2. Educando a la nin&#xE9;z con las familias y la comunidad --</subfield>
  </datafield>
  <datafield tag="505" ind1=" " ind2=" ">
    <subfield code="a">v.5. Las ni&#xF1;as y los ni&#xF1;os necesitan experiencias de aprendizaje planificadas y evaluadas.</subfield>
    <subfield code="g">36 p.</subfield>
    <subfield code="r">Mar&#xED;a Victoria Peralta Espinosa - Chile</subfield>
    <subfield code="r">M&#xF3;nica Manhey Moreno - Chile</subfield>
    <subfield code="t">Cap&#xED;tulo 1. Planificaci&#xF3;n --</subfield>
    <subfield code="t">Cap&#xED;tulo 2. Evaluaci&#xF3;n --</subfield>
  </datafield>
  <datafield tag="505" ind1=" " ind2=" ">
    <subfield code="a">v.6. Las ni&#xF1;as y los ni&#xF1;os se comunican.</subfield>
    <subfield code="g">40 p. </subfield>
    <subfield code="r">Marien Peggy Mart&#xED;nez Stark - Paraguay</subfield>
    <subfield code="t">Cap&#xED;tulo 1. La funci&#xF3;n del lenguaje --</subfield>
    <subfield code="t">Cap&#xED;tulo 2. Estrategias para el  desarrollo de las habilidades de hablar, escuchar, leer y escribir.</subfield>
  </datafield>
  <datafield tag="505" ind1=" " ind2=" ">
    <subfield code="a">v. 7. Ni&#xF1;as y ni&#xF1;os creativos y sensibles a las artes.</subfield>
    <subfield code="g">44 p.</subfield>
    <subfield code="r">Roxana Salazar - Bolivia</subfield>
    <subfield code="t">Cap&#xED;tulo 1. La importancia del arte y de la creatividad --</subfield>
    <subfield code="t">Cap&#xED;tulos 2. Comunicaci&#xF3;n visual : las artes pl&#xE1;sticas --</subfield>
    <subfield code="t">Cap&#xED;tulo 3. Comunicaci&#xF3;n auditiva : la m&#xFA;sica --</subfield>
  </datafield>
  <datafield tag="505" ind1=" " ind2=" ">
    <subfield code="a">v. 8. Yo juego, t&#xFA; juegas ... todos jugamos muchos juegos.</subfield>
    <subfield code="g">60 p.</subfield>
    <subfield code="r">Patricia Sarl&#xE9;, - Argentina</subfield>
    <subfield code="t">Cap&#xED;tulo 1. El juego y el jugar en los primeros a&#xF1;os --</subfield>
    <subfield code="t">Cap&#xED;tulo 2. El juego en las aulas de educaci&#xF3;n inicial --</subfield>
    <subfield code="t">Cap&#xED;tulo 3. El dise&#xF1;o del juego en las aulas de educaci&#xF3;n inical -- </subfield>
  </datafield>
  <datafield tag="505" ind1=" " ind2=" ">
    <subfield code="a">v. 9. Potenciando aprendizajes en ni&#xF1;os y ni&#xF1;as menores de 3 a&#xF1;os.</subfield>
    <subfield code="g">56 p.</subfield>
    <subfield code="r">Mar&#xED;a Victoria Peralta Espinosa - Chile</subfield>
    <subfield code="r">M&#xF3;nica Manhey Moreno - Chile</subfield>
    <subfield code="t"> Cap&#xED;tulo 1. Conociendo a los ni&#xF1;os y ni&#xF1;as desde el nacimiento hasta los tres primero a&#xF1;os --</subfield>
    <subfield code="t">Cap&#xED;tulos 2. La educaci&#xF3;n en los primeros a&#xF1;os de vida : un derecho y una oportunidad --</subfield>
    <subfield code="t">Cap&#xED;tulo 3. Creando ambientes de aprendizaje enriquecedor --</subfield>
  </datafield>
  <datafield tag="505" ind1=" " ind2=" ">
    <subfield code="a">v. 10:  La primera infancia y su contexto normativo en la Rep&#xFA;blica Dominicana.</subfield>
    <subfield code="g">56 p.</subfield>
    <subfield code="r">Margarita Heinsen - Rep&#xFA;blica Dominicana,</subfield>
    <subfield code="r">Berenice Pacheco.</subfield>
    <subfield code="r">Amy Victor.</subfield>
    <subfield code="t"> Cap&#xED;tulo 1. La primera infancia --</subfield>
    <subfield code="t">Cap&#xED;tulo 2. El dise&#xF1;o curricular del nivel inicial --</subfield>
    <subfield code="t">Cap&#xED;tulo 3. El prerfil y la &#xE9;tica del educador y educadora del nivel inicial --</subfield>
  </datafield>
  <datafield tag="590" ind1=" " ind2=" ">
    <subfield code="a">Inventariado, 2021/ SA</subfield>
  </datafield>
  <datafield tag="700" ind1="1" ind2=" ">
    <subfield code="a">Didonet, Vidal  </subfield>
    <subfield code="9">80499</subfield>
  </datafield>
  <datafield tag="700" ind1="1" ind2=" ">
    <subfield code="a">Silverio G&#xF3;mez, Ana Mar&#xED;a </subfield>
    <subfield code="9">80502</subfield>
  </datafield>
  <datafield tag="700" ind1="1" ind2=" ">
    <subfield code="a">Grajeda Paz, Marlene de</subfield>
    <subfield code="9">80504</subfield>
  </datafield>
  <datafield tag="700" ind1="1" ind2=" ">
    <subfield code="a">Peralta Espinosa, Mar&#xED;a Victoria </subfield>
    <subfield code="9">80524</subfield>
  </datafield>
  <datafield tag="700" ind1="1" ind2=" ">
    <subfield code="a">Mart&#xED;nez Stark, Marien Peggy</subfield>
    <subfield code="9">80518</subfield>
  </datafield>
  <datafield tag="700" ind1="1" ind2=" ">
    <subfield code="a">Salazar, Roxana </subfield>
    <subfield code="9">80505</subfield>
  </datafield>
  <datafield tag="700" ind1="1" ind2=" ">
    <subfield code="a">Sarl&#xE9;, Patricia</subfield>
    <subfield code="9">80509</subfield>
  </datafield>
  <datafield tag="700" ind1="1" ind2=" ">
    <subfield code="a">Peralta Espinosa, Mar&#xED;a Victoria </subfield>
    <subfield code="9">80510</subfield>
  </datafield>
  <datafield tag="700" ind1="1" ind2=" ">
    <subfield code="a">Margarita Heinsen </subfield>
    <subfield code="9">80511</subfield>
  </datafield>
  <datafield tag="910" ind1=" " ind2=" ">
    <subfield code="a">Saquino</subfield>
  </datafield>
  <datafield tag="942" ind1=" " ind2=" ">
    <subfield code="2">ddc</subfield>
    <subfield code="c">LF2</subfield>
  </datafield>
  <datafield tag="952" ind1=" " ind2=" ">
    <subfield code="0">0</subfield>
    <subfield code="1">0</subfield>
    <subfield code="2">ddc</subfield>
    <subfield code="5">3</subfield>
    <subfield code="7">0</subfield>
    <subfield code="8">PD</subfield>
    <subfield code="a">BNPHU</subfield>
    <subfield code="b">BNPHU</subfield>
    <subfield code="c">CT</subfield>
    <subfield code="d">2020-11-23</subfield>
    <subfield code="e">Donado</subfield>
    <subfield code="o">BNPHU F-PD 378.17 O68a</subfield>
    <subfield code="p">2021-27829</subfield>
    <subfield code="r">2021-11-04</subfield>
    <subfield code="t">v.1</subfield>
    <subfield code="w">2021-11-04</subfield>
    <subfield code="y">LF2</subfield>
  </datafield>
  <datafield tag="952" ind1=" " ind2=" ">
    <subfield code="0">0</subfield>
    <subfield code="1">0</subfield>
    <subfield code="2">ddc</subfield>
    <subfield code="5">3</subfield>
    <subfield code="7">0</subfield>
    <subfield code="8">PD</subfield>
    <subfield code="a">BNPHU</subfield>
    <subfield code="b">BNPHU</subfield>
    <subfield code="c">CT</subfield>
    <subfield code="d">2020-11-23</subfield>
    <subfield code="e">Donado</subfield>
    <subfield code="o">BNPHU F-PD 378.17 O68a</subfield>
    <subfield code="p">2021-27853</subfield>
    <subfield code="r">2021-11-08</subfield>
    <subfield code="t">V.1,  e.2</subfield>
    <subfield code="w">2021-11-08</subfield>
    <subfield code="y">LF2</subfield>
  </datafield>
  <datafield tag="952" ind1=" " ind2=" ">
    <subfield code="0">0</subfield>
    <subfield code="1">0</subfield>
    <subfield code="2">ddc</subfield>
    <subfield code="5">6</subfield>
    <subfield code="7">0</subfield>
    <subfield code="8">DS</subfield>
    <subfield code="a">BNPHU</subfield>
    <subfield code="b">BNPHU</subfield>
    <subfield code="c">CT</subfield>
    <subfield code="d">2020-11-23</subfield>
    <subfield code="e">Donado</subfield>
    <subfield code="o">BNPHU F-DS 378.17 O68a</subfield>
    <subfield code="p">2021-27854</subfield>
    <subfield code="r">2021-11-08</subfield>
    <subfield code="t">v.1,  e.3</subfield>
    <subfield code="w">2021-11-08</subfield>
    <subfield code="y">LF2</subfield>
  </datafield>
  <datafield tag="952" ind1=" " ind2=" ">
    <subfield code="0">0</subfield>
    <subfield code="1">0</subfield>
    <subfield code="2">ddc</subfield>
    <subfield code="5">3</subfield>
    <subfield code="7">0</subfield>
    <subfield code="8">PD</subfield>
    <subfield code="a">BNPHU</subfield>
    <subfield code="b">BNPHU</subfield>
    <subfield code="c">CT</subfield>
    <subfield code="d">2020-11-23</subfield>
    <subfield code="e">Donado</subfield>
    <subfield code="o">BNPHU F-PD 378.17 O68a</subfield>
    <subfield code="p">2021-27866</subfield>
    <subfield code="r">2021-11-08</subfield>
    <subfield code="t">v.2</subfield>
    <subfield code="w">2021-11-08</subfield>
    <subfield code="y">LF2</subfield>
  </datafield>
  <datafield tag="952" ind1=" " ind2=" ">
    <subfield code="0">0</subfield>
    <subfield code="1">0</subfield>
    <subfield code="2">ddc</subfield>
    <subfield code="5">3</subfield>
    <subfield code="7">0</subfield>
    <subfield code="8">PD</subfield>
    <subfield code="a">BNPHU</subfield>
    <subfield code="b">BNPHU</subfield>
    <subfield code="c">CT</subfield>
    <subfield code="d">2020-11-23</subfield>
    <subfield code="e">Donado</subfield>
    <subfield code="o">BNPHU F-PD 378.17 O68a</subfield>
    <subfield code="p">2021-27876</subfield>
    <subfield code="r">2021-11-08</subfield>
    <subfield code="t">v.2, e.2</subfield>
    <subfield code="w">2021-11-08</subfield>
    <subfield code="y">LF2</subfield>
  </datafield>
  <datafield tag="952" ind1=" " ind2=" ">
    <subfield code="0">0</subfield>
    <subfield code="1">0</subfield>
    <subfield code="2">ddc</subfield>
    <subfield code="5">6</subfield>
    <subfield code="7">0</subfield>
    <subfield code="8">DS</subfield>
    <subfield code="a">BNPHU</subfield>
    <subfield code="b">BNPHU</subfield>
    <subfield code="c">CT</subfield>
    <subfield code="d">2020-11-23</subfield>
    <subfield code="e">Donado</subfield>
    <subfield code="o">BNPHU F-DS 378.17 O68a</subfield>
    <subfield code="p">2021-27877</subfield>
    <subfield code="r">2021-11-08</subfield>
    <subfield code="t">v.2, e.3</subfield>
    <subfield code="w">2021-11-08</subfield>
    <subfield code="y">LF2</subfield>
  </datafield>
  <datafield tag="952" ind1=" " ind2=" ">
    <subfield code="0">0</subfield>
    <subfield code="1">0</subfield>
    <subfield code="2">ddc</subfield>
    <subfield code="5">3</subfield>
    <subfield code="7">0</subfield>
    <subfield code="8">PD</subfield>
    <subfield code="a">BNPHU</subfield>
    <subfield code="b">BNPHU</subfield>
    <subfield code="c">CT</subfield>
    <subfield code="d">2020-11-23</subfield>
    <subfield code="e">Donado</subfield>
    <subfield code="o">BNPHU F-PD 378.17 O68a</subfield>
    <subfield code="p">2021-27878</subfield>
    <subfield code="r">2021-11-08</subfield>
    <subfield code="t">v.3</subfield>
    <subfield code="w">2021-11-08</subfield>
    <subfield code="y">LF2</subfield>
  </datafield>
  <datafield tag="952" ind1=" " ind2=" ">
    <subfield code="0">0</subfield>
    <subfield code="1">0</subfield>
    <subfield code="2">ddc</subfield>
    <subfield code="5">3</subfield>
    <subfield code="7">0</subfield>
    <subfield code="8">PD</subfield>
    <subfield code="a">BNPHU</subfield>
    <subfield code="b">BNPHU</subfield>
    <subfield code="c">CT</subfield>
    <subfield code="d">2020-11-23</subfield>
    <subfield code="e">Donado</subfield>
    <subfield code="o">BNPHU F-PD 378.17 O68a</subfield>
    <subfield code="p">2021-27879</subfield>
    <subfield code="r">2021-11-08</subfield>
    <subfield code="t">v.3, e.2</subfield>
    <subfield code="w">2021-11-08</subfield>
    <subfield code="y">LF2</subfield>
  </datafield>
  <datafield tag="952" ind1=" " ind2=" ">
    <subfield code="0">0</subfield>
    <subfield code="1">0</subfield>
    <subfield code="2">ddc</subfield>
    <subfield code="5">6</subfield>
    <subfield code="7">0</subfield>
    <subfield code="8">DS</subfield>
    <subfield code="a">BNPHU</subfield>
    <subfield code="b">BNPHU</subfield>
    <subfield code="c">CT</subfield>
    <subfield code="d">2020-11-23</subfield>
    <subfield code="e">Donado</subfield>
    <subfield code="o">BNPHU F-DS 378.17 O68a</subfield>
    <subfield code="p">2021-27880</subfield>
    <subfield code="r">2021-11-08</subfield>
    <subfield code="t">v.3, e.3</subfield>
    <subfield code="w">2021-11-08</subfield>
    <subfield code="y">LBS1</subfield>
  </datafield>
  <datafield tag="952" ind1=" " ind2=" ">
    <subfield code="0">0</subfield>
    <subfield code="1">0</subfield>
    <subfield code="2">ddc</subfield>
    <subfield code="5">3</subfield>
    <subfield code="7">0</subfield>
    <subfield code="8">DS</subfield>
    <subfield code="a">BNPHU</subfield>
    <subfield code="b">BNPHU</subfield>
    <subfield code="c">CT</subfield>
    <subfield code="d">2020-11-23</subfield>
    <subfield code="e">Donado</subfield>
    <subfield code="o">BNPHU F-PD 378.17 O68a</subfield>
    <subfield code="p">2021-27881</subfield>
    <subfield code="r">2021-11-08</subfield>
    <subfield code="t">v.7</subfield>
    <subfield code="w">2021-11-08</subfield>
    <subfield code="y">LBS1</subfield>
  </datafield>
  <datafield tag="952" ind1=" " ind2=" ">
    <subfield code="0">0</subfield>
    <subfield code="1">0</subfield>
    <subfield code="2">ddc</subfield>
    <subfield code="5">3</subfield>
    <subfield code="7">0</subfield>
    <subfield code="8">PD</subfield>
    <subfield code="a">BNPHU</subfield>
    <subfield code="b">BNPHU</subfield>
    <subfield code="c">CT</subfield>
    <subfield code="d">2020-11-23</subfield>
    <subfield code="o">BNPHU F-PD 378.17 O68a</subfield>
    <subfield code="p">2021-27882</subfield>
    <subfield code="r">2021-11-08</subfield>
    <subfield code="t">v.7, e.2</subfield>
    <subfield code="w">2021-11-08</subfield>
    <subfield code="y">LBS1</subfield>
  </datafield>
  <datafield tag="952" ind1=" " ind2=" ">
    <subfield code="0">0</subfield>
    <subfield code="1">0</subfield>
    <subfield code="2">ddc</subfield>
    <subfield code="5">6</subfield>
    <subfield code="7">0</subfield>
    <subfield code="8">DS</subfield>
    <subfield code="a">BNPHU</subfield>
    <subfield code="b">BNPHU</subfield>
    <subfield code="c">CT</subfield>
    <subfield code="d">2020-11-23</subfield>
    <subfield code="e">Donado</subfield>
    <subfield code="o">BNPHU F-DS 378.17 O68a</subfield>
    <subfield code="p">2021-27883</subfield>
    <subfield code="r">2021-11-08</subfield>
    <subfield code="t">v.7, e.3</subfield>
    <subfield code="w">2021-11-08</subfield>
    <subfield code="y">LBS1</subfield>
  </datafield>
  <datafield tag="952" ind1=" " ind2=" ">
    <subfield code="0">0</subfield>
    <subfield code="1">0</subfield>
    <subfield code="2">ddc</subfield>
    <subfield code="5">6</subfield>
    <subfield code="7">0</subfield>
    <subfield code="8">DS</subfield>
    <subfield code="a">BNPHU</subfield>
    <subfield code="b">BNPHU</subfield>
    <subfield code="c">CT</subfield>
    <subfield code="d">2020-11-23</subfield>
    <subfield code="e">Donado</subfield>
    <subfield code="o">BNPHU F-DS 378.17 O68a</subfield>
    <subfield code="p">2021-27884</subfield>
    <subfield code="r">2021-11-08</subfield>
    <subfield code="t">v.3, e.3</subfield>
    <subfield code="w">2021-11-08</subfield>
    <subfield code="y">LF2</subfield>
  </datafield>
  <datafield tag="952" ind1=" " ind2=" ">
    <subfield code="0">0</subfield>
    <subfield code="1">0</subfield>
    <subfield code="2">ddc</subfield>
    <subfield code="5">3</subfield>
    <subfield code="7">0</subfield>
    <subfield code="8">PD</subfield>
    <subfield code="a">BNPHU</subfield>
    <subfield code="b">BNPHU</subfield>
    <subfield code="c">CT</subfield>
    <subfield code="d">2020-11-23</subfield>
    <subfield code="e">Donado</subfield>
    <subfield code="o">BNPHU F-PD 378.17 O68a</subfield>
    <subfield code="p">2021-27885</subfield>
    <subfield code="r">2021-11-08</subfield>
    <subfield code="t">v.8</subfield>
    <subfield code="w">2021-11-08</subfield>
    <subfield code="y">LBS1</subfield>
  </datafield>
  <datafield tag="952" ind1=" " ind2=" ">
    <subfield code="0">0</subfield>
    <subfield code="1">0</subfield>
    <subfield code="2">ddc</subfield>
    <subfield code="5">3</subfield>
    <subfield code="7">0</subfield>
    <subfield code="8">MO</subfield>
    <subfield code="a">BNPHU</subfield>
    <subfield code="b">BNPHU</subfield>
    <subfield code="c">CT</subfield>
    <subfield code="d">2020-11-23</subfield>
    <subfield code="o">BNPHU F-PD 378.17 O68a</subfield>
    <subfield code="p">2021-27886</subfield>
    <subfield code="r">2021-11-08</subfield>
    <subfield code="t">v.8, e.2</subfield>
    <subfield code="w">2021-11-08</subfield>
    <subfield code="y">LF2</subfield>
  </datafield>
  <datafield tag="952" ind1=" " ind2=" ">
    <subfield code="0">0</subfield>
    <subfield code="1">0</subfield>
    <subfield code="2">ddc</subfield>
    <subfield code="5">6</subfield>
    <subfield code="7">0</subfield>
    <subfield code="8">DS</subfield>
    <subfield code="a">BNPHU</subfield>
    <subfield code="b">BNPHU</subfield>
    <subfield code="c">CT</subfield>
    <subfield code="d">2020-11-23</subfield>
    <subfield code="e">Donado</subfield>
    <subfield code="o">BNPHU F-DS 378.17 O68a</subfield>
    <subfield code="p">2021-27887</subfield>
    <subfield code="r">2021-11-08</subfield>
    <subfield code="t">v.8, e.3</subfield>
    <subfield code="w">2021-11-08</subfield>
    <subfield code="y">LBS1</subfield>
    <subfield code="z">S/A</subfield>
  </datafield>
  <datafield tag="952" ind1=" " ind2=" ">
    <subfield code="0">0</subfield>
    <subfield code="1">0</subfield>
    <subfield code="2">ddc</subfield>
    <subfield code="5">3</subfield>
    <subfield code="7">0</subfield>
    <subfield code="8">PD</subfield>
    <subfield code="a">BNPHU</subfield>
    <subfield code="b">BNPHU</subfield>
    <subfield code="c">CT</subfield>
    <subfield code="d">2020-11-23</subfield>
    <subfield code="e">Donado</subfield>
    <subfield code="o">BNPHU F-PD 378.17 O68a</subfield>
    <subfield code="p">2021-27888</subfield>
    <subfield code="r">2021-11-08</subfield>
    <subfield code="t">v.9</subfield>
    <subfield code="w">2021-11-08</subfield>
    <subfield code="y">LBS1</subfield>
  </datafield>
  <datafield tag="952" ind1=" " ind2=" ">
    <subfield code="0">0</subfield>
    <subfield code="1">0</subfield>
    <subfield code="2">ddc</subfield>
    <subfield code="5">3</subfield>
    <subfield code="7">0</subfield>
    <subfield code="8">PD</subfield>
    <subfield code="a">BNPHU</subfield>
    <subfield code="b">BNPHU</subfield>
    <subfield code="c">CT</subfield>
    <subfield code="d">2020-11-23</subfield>
    <subfield code="e">Donado</subfield>
    <subfield code="o">BNPHU F-PD 378.17 O68a</subfield>
    <subfield code="p">2021-27889</subfield>
    <subfield code="r">2021-11-08</subfield>
    <subfield code="t">v.9, e.2</subfield>
    <subfield code="w">2021-11-08</subfield>
    <subfield code="y">LBS1</subfield>
    <subfield code="z">S/A</subfield>
  </datafield>
  <datafield tag="952" ind1=" " ind2=" ">
    <subfield code="0">0</subfield>
    <subfield code="1">0</subfield>
    <subfield code="2">ddc</subfield>
    <subfield code="5">6</subfield>
    <subfield code="7">0</subfield>
    <subfield code="8">MO</subfield>
    <subfield code="a">BNPHU</subfield>
    <subfield code="b">BNPHU</subfield>
    <subfield code="c">CT</subfield>
    <subfield code="d">2020-11-23</subfield>
    <subfield code="e">Donado</subfield>
    <subfield code="o">BNPHU F-DS 378.17 O68a</subfield>
    <subfield code="p">2021-27890</subfield>
    <subfield code="r">2021-11-08</subfield>
    <subfield code="t">v.9, e.3</subfield>
    <subfield code="w">2021-11-08</subfield>
    <subfield code="y">LBS1</subfield>
    <subfield code="z">S/A</subfield>
  </datafield>
  <datafield tag="952" ind1=" " ind2=" ">
    <subfield code="0">0</subfield>
    <subfield code="1">0</subfield>
    <subfield code="2">ddc</subfield>
    <subfield code="5">3</subfield>
    <subfield code="7">0</subfield>
    <subfield code="8">DS</subfield>
    <subfield code="a">BNPHU</subfield>
    <subfield code="b">BNPHU</subfield>
    <subfield code="c">CT</subfield>
    <subfield code="d">2020-11-23</subfield>
    <subfield code="e">Donado</subfield>
    <subfield code="o">BNPHU F-PD 378.17 O68a</subfield>
    <subfield code="p">2021-27894</subfield>
    <subfield code="r">2021-11-08</subfield>
    <subfield code="t">v.10</subfield>
    <subfield code="w">2021-11-08</subfield>
    <subfield code="y">LBS1</subfield>
  </datafield>
  <datafield tag="952" ind1=" " ind2=" ">
    <subfield code="0">0</subfield>
    <subfield code="1">0</subfield>
    <subfield code="2">ddc</subfield>
    <subfield code="5">3</subfield>
    <subfield code="7">0</subfield>
    <subfield code="8">DS</subfield>
    <subfield code="a">BNPHU</subfield>
    <subfield code="b">BNPHU</subfield>
    <subfield code="c">CT</subfield>
    <subfield code="d">2020-11-23</subfield>
    <subfield code="e">Donado</subfield>
    <subfield code="o">BNPHU F-PD 378.17 O68a</subfield>
    <subfield code="p">2021-27895</subfield>
    <subfield code="r">2021-11-08</subfield>
    <subfield code="t">v.10, e.2</subfield>
    <subfield code="w">2021-11-08</subfield>
    <subfield code="y">LBS1</subfield>
  </datafield>
  <datafield tag="952" ind1=" " ind2=" ">
    <subfield code="0">0</subfield>
    <subfield code="1">0</subfield>
    <subfield code="2">ddc</subfield>
    <subfield code="5">6</subfield>
    <subfield code="7">0</subfield>
    <subfield code="8">MO</subfield>
    <subfield code="a">BNPHU</subfield>
    <subfield code="b">BNPHU</subfield>
    <subfield code="c">CT</subfield>
    <subfield code="d">2020-11-23</subfield>
    <subfield code="e">Donado</subfield>
    <subfield code="o">BNPHU F-DS 378.17 O68a</subfield>
    <subfield code="p">2021-27896</subfield>
    <subfield code="r">2021-11-08</subfield>
    <subfield code="t">v.10, e.3</subfield>
    <subfield code="w">2021-11-08</subfield>
    <subfield code="y">LBS1</subfield>
  </datafield>
  <datafield tag="952" ind1=" " ind2=" ">
    <subfield code="0">0</subfield>
    <subfield code="1">0</subfield>
    <subfield code="2">ddc</subfield>
    <subfield code="5">3</subfield>
    <subfield code="7">0</subfield>
    <subfield code="8">MO</subfield>
    <subfield code="a">BNPHU</subfield>
    <subfield code="b">BNPHU</subfield>
    <subfield code="c">CT</subfield>
    <subfield code="d">2020-11-23</subfield>
    <subfield code="e">Donado</subfield>
    <subfield code="o">BNPHU F-PD 378.17 O68a</subfield>
    <subfield code="p">2021-27897</subfield>
    <subfield code="r">2021-11-08</subfield>
    <subfield code="t">v.6</subfield>
    <subfield code="w">2021-11-08</subfield>
    <subfield code="y">LBS1</subfield>
  </datafield>
  <datafield tag="952" ind1=" " ind2=" ">
    <subfield code="0">0</subfield>
    <subfield code="1">0</subfield>
    <subfield code="2">ddc</subfield>
    <subfield code="5">3</subfield>
    <subfield code="7">0</subfield>
    <subfield code="8">PD</subfield>
    <subfield code="a">BNPHU</subfield>
    <subfield code="b">BNPHU</subfield>
    <subfield code="c">CT</subfield>
    <subfield code="d">2018-11-27</subfield>
    <subfield code="e">Donado</subfield>
    <subfield code="o">BNPHU F-PD 378.17 O68a</subfield>
    <subfield code="p">2021-27903</subfield>
    <subfield code="r">2021-11-08</subfield>
    <subfield code="t">v.5</subfield>
    <subfield code="w">2021-11-08</subfield>
    <subfield code="y">LBS1</subfield>
  </datafield>
  <datafield tag="952" ind1=" " ind2=" ">
    <subfield code="0">0</subfield>
    <subfield code="1">0</subfield>
    <subfield code="2">ddc</subfield>
    <subfield code="5">6</subfield>
    <subfield code="7">0</subfield>
    <subfield code="8">DS</subfield>
    <subfield code="a">BNPHU</subfield>
    <subfield code="b">BNPHU</subfield>
    <subfield code="c">CT</subfield>
    <subfield code="d">2022-03-22</subfield>
    <subfield code="e">Donaci&#xF3;n</subfield>
    <subfield code="o">BNPHU F-DS 378.17 O68a</subfield>
    <subfield code="p">2022-0948</subfield>
    <subfield code="r">2022-03-22</subfield>
    <subfield code="t">v.10, e.4</subfield>
    <subfield code="w">2022-03-22</subfield>
    <subfield code="y">LF2</subfield>
  </datafield>
  <datafield tag="952" ind1=" " ind2=" ">
    <subfield code="0">0</subfield>
    <subfield code="1">0</subfield>
    <subfield code="2">ddc</subfield>
    <subfield code="5">6</subfield>
    <subfield code="7">0</subfield>
    <subfield code="8">DS</subfield>
    <subfield code="a">BNPHU</subfield>
    <subfield code="b">BNPHU</subfield>
    <subfield code="c">CT</subfield>
    <subfield code="d">2022-03-22</subfield>
    <subfield code="e">Donaci&#xF3;n</subfield>
    <subfield code="o">BNPHU F-DS 378.17 O68a</subfield>
    <subfield code="p">2022-0949</subfield>
    <subfield code="r">2022-03-22</subfield>
    <subfield code="t">v.10, e.5</subfield>
    <subfield code="w">2022-03-22</subfield>
    <subfield code="y">LBS1</subfield>
  </datafield>
  <datafield tag="952" ind1=" " ind2=" ">
    <subfield code="0">0</subfield>
    <subfield code="1">0</subfield>
    <subfield code="2">ddc</subfield>
    <subfield code="5">3</subfield>
    <subfield code="7">0</subfield>
    <subfield code="8">PD</subfield>
    <subfield code="a">BNPHU</subfield>
    <subfield code="b">BNPHU</subfield>
    <subfield code="c">CT</subfield>
    <subfield code="d">2022-04-26</subfield>
    <subfield code="o">BNPHU F-PD 378.17 O68a</subfield>
    <subfield code="p">2022-1545</subfield>
    <subfield code="r">2022-04-26</subfield>
    <subfield code="t">v.9</subfield>
    <subfield code="w">2022-04-26</subfield>
    <subfield code="y">LF2</subfield>
  </datafield>
  <datafield tag="952" ind1=" " ind2=" ">
    <subfield code="0">0</subfield>
    <subfield code="1">0</subfield>
    <subfield code="2">ddc</subfield>
    <subfield code="5">3</subfield>
    <subfield code="7">0</subfield>
    <subfield code="8">PD</subfield>
    <subfield code="a">BNPHU</subfield>
    <subfield code="b">BNPHU</subfield>
    <subfield code="c">CT</subfield>
    <subfield code="d">2022-04-26</subfield>
    <subfield code="e">Donaci&#xF3;n</subfield>
    <subfield code="o">BNPHU F-PD 378.17 O68a</subfield>
    <subfield code="p">2022-1546</subfield>
    <subfield code="r">2022-04-26</subfield>
    <subfield code="t">v.9, e.2</subfield>
    <subfield code="w">2022-04-26</subfield>
    <subfield code="y">LF2</subfield>
  </datafield>
  <datafield tag="952" ind1=" " ind2=" ">
    <subfield code="0">0</subfield>
    <subfield code="1">0</subfield>
    <subfield code="2">ddc</subfield>
    <subfield code="5">6</subfield>
    <subfield code="7">0</subfield>
    <subfield code="8">DS</subfield>
    <subfield code="a">BNPHU</subfield>
    <subfield code="b">BNPHU</subfield>
    <subfield code="c">CT</subfield>
    <subfield code="d">2021-11-22</subfield>
    <subfield code="e">Editora B&#xFA;ho</subfield>
    <subfield code="o">BNPHU F-DS 378.17 O68a</subfield>
    <subfield code="p">2022-3620</subfield>
    <subfield code="r">2022-08-04</subfield>
    <subfield code="t">v.1,  e.4</subfield>
    <subfield code="w">2021-11-08</subfield>
    <subfield code="y">LF2</subfield>
  </datafield>
  <datafield tag="952" ind1=" " ind2=" ">
    <subfield code="0">0</subfield>
    <subfield code="1">0</subfield>
    <subfield code="2">ddc</subfield>
    <subfield code="5">6</subfield>
    <subfield code="7">0</subfield>
    <subfield code="8">DS</subfield>
    <subfield code="a">BNPHU</subfield>
    <subfield code="b">BNPHU</subfield>
    <subfield code="c">CT</subfield>
    <subfield code="d">2021-11-22</subfield>
    <subfield code="e">Editora B&#xFA;ho</subfield>
    <subfield code="o">BNPHU F-DS 378.17 O68a</subfield>
    <subfield code="p">2022-3621</subfield>
    <subfield code="r">2022-08-04</subfield>
    <subfield code="t">v. 1,  e. 5</subfield>
    <subfield code="w">2021-11-08</subfield>
    <subfield code="y">LF2</subfield>
  </datafield>
  <datafield tag="952" ind1=" " ind2=" ">
    <subfield code="0">0</subfield>
    <subfield code="1">0</subfield>
    <subfield code="2">ddc</subfield>
    <subfield code="5">6</subfield>
    <subfield code="7">0</subfield>
    <subfield code="8">DS</subfield>
    <subfield code="a">BNPHU</subfield>
    <subfield code="b">BNPHU</subfield>
    <subfield code="c">CT</subfield>
    <subfield code="d">2021-11-22</subfield>
    <subfield code="e">Editora B&#xFA;ho</subfield>
    <subfield code="o">BNPHU F-DS 378.17 O68a</subfield>
    <subfield code="p">2022-3623</subfield>
    <subfield code="r">2022-08-04</subfield>
    <subfield code="t">v.3, e.4</subfield>
    <subfield code="w">2021-11-08</subfield>
    <subfield code="y">LF2</subfield>
  </datafield>
  <datafield tag="952" ind1=" " ind2=" ">
    <subfield code="0">0</subfield>
    <subfield code="1">0</subfield>
    <subfield code="2">ddc</subfield>
    <subfield code="5">1</subfield>
    <subfield code="7">0</subfield>
    <subfield code="8">PD-F</subfield>
    <subfield code="a">BNPHU</subfield>
    <subfield code="b">BNPHU</subfield>
    <subfield code="c">CT</subfield>
    <subfield code="d">2021-11-22</subfield>
    <subfield code="e">Editora B&#xFA;ho</subfield>
    <subfield code="l">0</subfield>
    <subfield code="o">BNPHU F-DS 378.17 O68a</subfield>
    <subfield code="p">2022-3624</subfield>
    <subfield code="r">2022-08-04</subfield>
    <subfield code="t">v. 4</subfield>
    <subfield code="w">2021-11-08</subfield>
    <subfield code="y">LF2</subfield>
  </datafield>
  <datafield tag="952" ind1=" " ind2=" ">
    <subfield code="0">0</subfield>
    <subfield code="1">0</subfield>
    <subfield code="2">ddc</subfield>
    <subfield code="5">1</subfield>
    <subfield code="7">0</subfield>
    <subfield code="8">PD-F</subfield>
    <subfield code="a">BNPHU</subfield>
    <subfield code="b">BNPHU</subfield>
    <subfield code="c">CT</subfield>
    <subfield code="d">2021-11-22</subfield>
    <subfield code="e">Editora B&#xFA;ho</subfield>
    <subfield code="l">0</subfield>
    <subfield code="o">BNPHU F-DS 378.17 O68a</subfield>
    <subfield code="p">2022-3625</subfield>
    <subfield code="r">2022-08-04</subfield>
    <subfield code="t">v. 4, e. 2</subfield>
    <subfield code="w">2021-11-08</subfield>
    <subfield code="y">LF2</subfield>
  </datafield>
  <datafield tag="952" ind1=" " ind2=" ">
    <subfield code="0">0</subfield>
    <subfield code="1">0</subfield>
    <subfield code="2">ddc</subfield>
    <subfield code="5">6</subfield>
    <subfield code="7">0</subfield>
    <subfield code="8">DS</subfield>
    <subfield code="a">BNPHU</subfield>
    <subfield code="b">BNPHU</subfield>
    <subfield code="c">CT</subfield>
    <subfield code="d">2021-11-22</subfield>
    <subfield code="e">Editora B&#xFA;ho</subfield>
    <subfield code="l">0</subfield>
    <subfield code="o">BNPHU F-DS 378.17 O68a</subfield>
    <subfield code="p">2022-3626</subfield>
    <subfield code="r">2022-08-04</subfield>
    <subfield code="t">v. 4, e. 3</subfield>
    <subfield code="w">2021-11-08</subfield>
    <subfield code="y">LF2</subfield>
  </datafield>
  <datafield tag="952" ind1=" " ind2=" ">
    <subfield code="0">0</subfield>
    <subfield code="1">0</subfield>
    <subfield code="2">ddc</subfield>
    <subfield code="5">6</subfield>
    <subfield code="7">0</subfield>
    <subfield code="8">DS</subfield>
    <subfield code="a">BNPHU</subfield>
    <subfield code="b">BNPHU</subfield>
    <subfield code="c">CT</subfield>
    <subfield code="d">2021-11-22</subfield>
    <subfield code="e">Editora B&#xFA;ho</subfield>
    <subfield code="l">0</subfield>
    <subfield code="o">BNPHU F-DS 378.17 O68a</subfield>
    <subfield code="p">2022-3627</subfield>
    <subfield code="r">2022-08-04</subfield>
    <subfield code="t">v. 4, e. 4</subfield>
    <subfield code="w">2021-11-08</subfield>
    <subfield code="y">LF2</subfield>
  </datafield>
  <datafield tag="952" ind1=" " ind2=" ">
    <subfield code="0">0</subfield>
    <subfield code="1">0</subfield>
    <subfield code="2">ddc</subfield>
    <subfield code="5">6</subfield>
    <subfield code="7">0</subfield>
    <subfield code="8">DS</subfield>
    <subfield code="a">BNPHU</subfield>
    <subfield code="b">BNPHU</subfield>
    <subfield code="c">CT</subfield>
    <subfield code="d">2021-11-22</subfield>
    <subfield code="e">Editora B&#xFA;ho</subfield>
    <subfield code="l">0</subfield>
    <subfield code="o">BNPHU F-DS 378.17 O68a</subfield>
    <subfield code="p">2022-3628</subfield>
    <subfield code="r">2022-08-04</subfield>
    <subfield code="t">v. 4, e. 5</subfield>
    <subfield code="w">2021-11-08</subfield>
    <subfield code="y">LF2</subfield>
  </datafield>
  <datafield tag="952" ind1=" " ind2=" ">
    <subfield code="0">0</subfield>
    <subfield code="1">0</subfield>
    <subfield code="2">ddc</subfield>
    <subfield code="5">3</subfield>
    <subfield code="7">0</subfield>
    <subfield code="8">PD-F</subfield>
    <subfield code="a">BNPHU</subfield>
    <subfield code="b">BNPHU</subfield>
    <subfield code="c">CT</subfield>
    <subfield code="d">2018-11-27</subfield>
    <subfield code="e">Editora B&#xFA;ho</subfield>
    <subfield code="l">0</subfield>
    <subfield code="o">BNPHU F-PD 378.17 O68a</subfield>
    <subfield code="p">2022-3629</subfield>
    <subfield code="r">2022-08-04</subfield>
    <subfield code="t">v.5, e. 2</subfield>
    <subfield code="w">2021-11-08</subfield>
    <subfield code="y">LF2</subfield>
  </datafield>
  <datafield tag="952" ind1=" " ind2=" ">
    <subfield code="0">0</subfield>
    <subfield code="1">0</subfield>
    <subfield code="2">ddc</subfield>
    <subfield code="5">6</subfield>
    <subfield code="7">0</subfield>
    <subfield code="8">DS</subfield>
    <subfield code="a">BNPHU</subfield>
    <subfield code="b">BNPHU</subfield>
    <subfield code="c">CT</subfield>
    <subfield code="d">2018-11-27</subfield>
    <subfield code="e">Editora B&#xFA;ho</subfield>
    <subfield code="l">0</subfield>
    <subfield code="o">BNPHU F-PD 378.17 O68a</subfield>
    <subfield code="p">2022-3630</subfield>
    <subfield code="r">2022-08-04</subfield>
    <subfield code="t">v.5, e. 3</subfield>
    <subfield code="w">2021-11-08</subfield>
    <subfield code="y">LF2</subfield>
  </datafield>
  <datafield tag="952" ind1=" " ind2=" ">
    <subfield code="0">0</subfield>
    <subfield code="1">0</subfield>
    <subfield code="2">ddc</subfield>
    <subfield code="5">6</subfield>
    <subfield code="7">0</subfield>
    <subfield code="8">DS</subfield>
    <subfield code="a">BNPHU</subfield>
    <subfield code="b">BNPHU</subfield>
    <subfield code="c">CT</subfield>
    <subfield code="d">2021-11-22</subfield>
    <subfield code="e">Editora B&#xFA;ho</subfield>
    <subfield code="l">0</subfield>
    <subfield code="o">BNPHU F-PD 378.17 O68a</subfield>
    <subfield code="p">2022-3631</subfield>
    <subfield code="r">2022-08-04</subfield>
    <subfield code="t">v.5, e. 4</subfield>
    <subfield code="w">2021-11-08</subfield>
    <subfield code="y">LF2</subfield>
  </datafield>
  <datafield tag="952" ind1=" " ind2=" ">
    <subfield code="0">0</subfield>
    <subfield code="1">0</subfield>
    <subfield code="2">ddc</subfield>
    <subfield code="5">6</subfield>
    <subfield code="7">0</subfield>
    <subfield code="8">DS</subfield>
    <subfield code="a">BNPHU</subfield>
    <subfield code="b">BNPHU</subfield>
    <subfield code="c">CT</subfield>
    <subfield code="d">2021-11-22</subfield>
    <subfield code="e">Editora B&#xFA;ho</subfield>
    <subfield code="o">BNPHU F-PD 378.17 O68a</subfield>
    <subfield code="p">2022-3632</subfield>
    <subfield code="r">2022-08-04</subfield>
    <subfield code="t">v.5, e. 5</subfield>
    <subfield code="w">2021-11-08</subfield>
    <subfield code="y">LF2</subfield>
  </datafield>
  <datafield tag="952" ind1=" " ind2=" ">
    <subfield code="0">0</subfield>
    <subfield code="1">0</subfield>
    <subfield code="2">ddc</subfield>
    <subfield code="5">3</subfield>
    <subfield code="7">0</subfield>
    <subfield code="8">PD-F</subfield>
    <subfield code="a">BNPHU</subfield>
    <subfield code="b">BNPHU</subfield>
    <subfield code="c">CT</subfield>
    <subfield code="d">2018-11-27</subfield>
    <subfield code="e">Editora B&#xFA;ho</subfield>
    <subfield code="l">0</subfield>
    <subfield code="o">BNPHU F-PD 378.17 O68a</subfield>
    <subfield code="p">2022-3633</subfield>
    <subfield code="r">2022-08-04</subfield>
    <subfield code="t">v.6, e. 2</subfield>
    <subfield code="w">2021-11-08</subfield>
    <subfield code="y">LF2</subfield>
  </datafield>
  <datafield tag="952" ind1=" " ind2=" ">
    <subfield code="0">0</subfield>
    <subfield code="1">0</subfield>
    <subfield code="2">ddc</subfield>
    <subfield code="5">6</subfield>
    <subfield code="7">0</subfield>
    <subfield code="8">DS</subfield>
    <subfield code="a">BNPHU</subfield>
    <subfield code="b">BNPHU</subfield>
    <subfield code="c">CT</subfield>
    <subfield code="d">2018-11-27</subfield>
    <subfield code="e">Editora B&#xFA;ho</subfield>
    <subfield code="l">0</subfield>
    <subfield code="o">BNPHU F-PD 378.17 O68a</subfield>
    <subfield code="p">2022-3634</subfield>
    <subfield code="r">2022-08-04</subfield>
    <subfield code="t">v.6, e. 3</subfield>
    <subfield code="w">2021-11-08</subfield>
    <subfield code="y">LF2</subfield>
  </datafield>
  <datafield tag="952" ind1=" " ind2=" ">
    <subfield code="0">0</subfield>
    <subfield code="1">0</subfield>
    <subfield code="2">ddc</subfield>
    <subfield code="5">6</subfield>
    <subfield code="7">0</subfield>
    <subfield code="8">DS</subfield>
    <subfield code="a">BNPHU</subfield>
    <subfield code="b">BNPHU</subfield>
    <subfield code="c">CT</subfield>
    <subfield code="d">2021-03-26</subfield>
    <subfield code="e">Editora B&#xFA;ho</subfield>
    <subfield code="l">0</subfield>
    <subfield code="o">BNPHU F-PD 378.17 O68a</subfield>
    <subfield code="p">2022-3635</subfield>
    <subfield code="r">2022-08-04</subfield>
    <subfield code="t">v.6, e. 4</subfield>
    <subfield code="w">2021-11-08</subfield>
    <subfield code="y">LF2</subfield>
  </datafield>
  <datafield tag="952" ind1=" " ind2=" ">
    <subfield code="0">0</subfield>
    <subfield code="1">0</subfield>
    <subfield code="2">ddc</subfield>
    <subfield code="5">6</subfield>
    <subfield code="7">0</subfield>
    <subfield code="8">DS</subfield>
    <subfield code="a">BNPHU</subfield>
    <subfield code="b">BNPHU</subfield>
    <subfield code="c">CT</subfield>
    <subfield code="d">2021-03-26</subfield>
    <subfield code="e">Editora B&#xFA;ho</subfield>
    <subfield code="l">0</subfield>
    <subfield code="o">BNPHU F-PD 378.17 O68a</subfield>
    <subfield code="p">2022-3636</subfield>
    <subfield code="r">2022-08-04</subfield>
    <subfield code="t">v.6, e. 5</subfield>
    <subfield code="w">2021-11-08</subfield>
    <subfield code="y">LF2</subfield>
  </datafield>
  <datafield tag="952" ind1=" " ind2=" ">
    <subfield code="0">0</subfield>
    <subfield code="1">0</subfield>
    <subfield code="2">ddc</subfield>
    <subfield code="5">6</subfield>
    <subfield code="7">0</subfield>
    <subfield code="8">DS</subfield>
    <subfield code="a">BNPHU</subfield>
    <subfield code="b">BNPHU</subfield>
    <subfield code="c">CT</subfield>
    <subfield code="d">2018-11-27</subfield>
    <subfield code="e">Editora B&#xFA;ho</subfield>
    <subfield code="l">0</subfield>
    <subfield code="o">BNPHU F-DS 378.17 O68a</subfield>
    <subfield code="p">2022-3638</subfield>
    <subfield code="r">2022-08-04</subfield>
    <subfield code="t">v. 7, e. 4</subfield>
    <subfield code="w">2021-11-08</subfield>
    <subfield code="y">LF2</subfield>
  </datafield>
  <datafield tag="952" ind1=" " ind2=" ">
    <subfield code="0">0</subfield>
    <subfield code="1">0</subfield>
    <subfield code="2">ddc</subfield>
    <subfield code="5">6</subfield>
    <subfield code="7">0</subfield>
    <subfield code="8">DS</subfield>
    <subfield code="a">BNPHU</subfield>
    <subfield code="b">BNPHU</subfield>
    <subfield code="c">CT</subfield>
    <subfield code="d">2018-11-27</subfield>
    <subfield code="e">Editora B&#xFA;ho</subfield>
    <subfield code="l">0</subfield>
    <subfield code="o">BNPHU F-DS 378.17 O68a</subfield>
    <subfield code="p">2022-3639</subfield>
    <subfield code="r">2022-08-04</subfield>
    <subfield code="t">v. 7, e. 5</subfield>
    <subfield code="w">2021-11-08</subfield>
    <subfield code="y">LF2</subfield>
  </datafield>
  <datafield tag="952" ind1=" " ind2=" ">
    <subfield code="0">0</subfield>
    <subfield code="1">0</subfield>
    <subfield code="2">ddc</subfield>
    <subfield code="5">6</subfield>
    <subfield code="7">0</subfield>
    <subfield code="8">DS</subfield>
    <subfield code="a">BNPHU</subfield>
    <subfield code="b">BNPHU</subfield>
    <subfield code="c">CT</subfield>
    <subfield code="d">2023-02-22</subfield>
    <subfield code="e">Donaci&#xF3;n</subfield>
    <subfield code="o">BNPHU DS 378.17 O68a</subfield>
    <subfield code="p">2023-1059</subfield>
    <subfield code="r">2023-02-22</subfield>
    <subfield code="t">v.8, e.4</subfield>
    <subfield code="w">2023-02-22</subfield>
    <subfield code="y">LF2</subfield>
  </datafield>
  <datafield tag="952" ind1=" " ind2=" ">
    <subfield code="0">0</subfield>
    <subfield code="1">0</subfield>
    <subfield code="2">ddc</subfield>
    <subfield code="5">6</subfield>
    <subfield code="7">0</subfield>
    <subfield code="8">DS</subfield>
    <subfield code="a">BNPHU</subfield>
    <subfield code="b">BNPHU</subfield>
    <subfield code="c">CT</subfield>
    <subfield code="d">2023-02-22</subfield>
    <subfield code="e">Donaci&#xF3;n</subfield>
    <subfield code="l">0</subfield>
    <subfield code="o">BNPHU DS 378.17 O68a</subfield>
    <subfield code="p">2023-1060</subfield>
    <subfield code="r">2023-02-22</subfield>
    <subfield code="t">v.8, e.5</subfield>
    <subfield code="w">2023-02-22</subfield>
    <subfield code="y">LF2</subfield>
  </datafield>
  <datafield tag="999" ind1=" " ind2=" ">
    <subfield code="c">50878</subfield>
    <subfield code="d">50878</subfield>
  </datafield>
</record>
